[Event "Green Bay Packers Super Bowl XLV Champ Tourney"]
[Site "SchemingMind.com"]
[Date "2011.03.07"]
[Round "-"]
[White "PeterLiberty"]
[Black "pclaxton"]
[Result "0-1"]
[WhiteCountry "USA"]
[BlackCountry "ENG"]
[WhiteElo "1505"]
[WhiteRD "64"]
[BlackElo "1351"]
[BlackRD "57"]
[GameID "277807"]

1. e4 e5 2. Nf3 Nc6 3. Bb5 Qf6 4. Nc3 Bb4 5. Nd5 Qd6 6. O-O a6 7. Bxc6 bxc6 8. Nxb4 Qxb4 9. Re1 d6 10. c3 Qb5
11. d4 Bg4 12. Re3 c5 13. dxc5 Qxc5 14. Rd3 Nf6 15. Be3 Qc4 16. Qe2 Nxe4 17. h3 Bxf3 18. gxf3 Nf6 19. b3 Qe6 20. Rad1 Qxh3
21. Qf1 Qxf3 22. Re1 Qg4+ 23. Qg2 Qxg2+ 24. Kxg2 e4 25. Rd2 O-O 26. Rde2 Rfe8 27. Bd4 Re6 28. Bxf6 gxf6 29. Re3 f5 30. f3 d5
31. fxe4 fxe4 32. Kg3 Kh8 33. Kf4 Rae8 34. c4 c6 35. cxd5 cxd5 36. a3 Rf6+ 37. Kg3 Rg8+ 38. Kh2 Rf2+ 39. Kh1 f5 40. Rg1 f4
41. Rxg8+ Kxg8 42. Re1 Rf3 43. Rg1+ Kh8 44. Rb1 d4 45. a4 Rc3
0-1

[Event "Green Bay Packers Super Bowl XLV Champ Tourney"]
[Site "SchemingMind.com"]
[Date "2011.03.11"]
[Round "-"]
[White "Olli Ylönen"]
[Black "pclaxton"]
[Result "1-0"]
[WhiteCountry "FIN"]
[BlackCountry "ENG"]
[WhiteElo "1640"]
[WhiteRD "55"]
[BlackElo "1375"]
[BlackRD "60"]
[GameID "277808"]

1. e4 e5 2. Nf3 Nc6 3. Bb5 Nb4 4. O-O c6 5. Bc4 d5 6. exd5 cxd5 7. Bb5+ Bd7 8. Bxd7+ Qxd7 9. Nxe5 Qe6 10. Re1 Qd7
11. Nxd7+ Kxd7 12. c3 Nd3 13. Qa4+ Kc7 14. Re8 Rxe8 15. Qxe8 Bc5 16. Qxf7+ Kd6 17. Qxg7 Bxf2+ 18. Kf1 Nxc1 19. Kxf2 Nd3+ 20. Ke2 Nxb2
21. Qxh8 Ne7 22. Qxh7 b5 23. Na3 a6 24. Rf1 Nc6 25. Rf6+ Kc5 26. d4+ Kb6 27. Qh6 Ka5 28. Rxc6 Ka4 29. Rxa6#
1-0

[Event "Green Bay Packers Super Bowl XLV Champ Tourney"]
[Site "SchemingMind.com"]
[Date "2011.03.07"]
[Round "-"]
[White "badpawn"]
[Black "pclaxton"]
[Result "1-0"]
[WhiteCountry "SWE"]
[BlackCountry "ENG"]
[WhiteElo "1644"]
[WhiteRD "72"]
[BlackElo "1351"]
[BlackRD "57"]
[GameID "277809"]

1. c4 e5 2. Nc3 c6 3. g3 Nf6 4. Bg2 Bb4 5. e4 d6 6. d3 Bxc3+ 7. bxc3 O-O 8. Ne2 Bg4 9. f3 Be6 10. O-O b5
11. f4 Nbd7 12. f5 Bxc4 13. dxc4 bxc4 14. Ba3 c5 15. Rb1 Qa5 16. Qc1 g6 17. Rd1 Ne8 18. Rb7 Nb6 19. fxg6 fxg6 20. Qh6 Rf7
21. Rxf7 Kxf7 22. Rf1+ Nf6 23. Qxh7+ Ke6 24. Bh3+ Ng4 25. Bxg4#
1-0

[Event "Green Bay Packers Super Bowl XLV Champ Tourney"]
[Site "SchemingMind.com"]
[Date "2011.03.08"]
[Round "-"]
[White "BigDaddy"]
[Black "jtrochez1"]
[Result "0-1"]
[WhiteCountry "AUT"]
[BlackCountry "HON"]
[WhiteElo "1346"]
[WhiteRD "66"]
[BlackElo "1616"]
[BlackRD "52"]
[GameID "277883"]

1. e4 e5 2. Nf3 Nc6 3. Bb5 Nf6 4. Nc3 d6 5. Bxc6+ bxc6 6. d4 exd4 7. Nxd4 Be7 8. Bg5 Bd7 9. Bxf6 Bxf6 10. O-O O-O
11. Nf3 Bg4 12. h3 Bh5 13. g4 Bg6 14. Qe2 Re8 15. Qe3 Bxc3 16. Qxc3 Bxe4 17. Rae1 Bxf3 18. Qxf3 d5 19. Rxe8+ Qxe8 20. a3 Qe4
21. Qxe4 dxe4 22. Re1 Re8 23. c3 g6 24. b4 Re6 25. Re3 f5 26. f3 f4 27. Rxe4 Rxe4 28. fxe4 g5 29. Kf2 Kf7 30. Kf3 Ke6
31. a4 a6 32. a5 h6 33. Ke2 Kd6 34. Kd3 Ke5 35. c4 Kd6 36. c5+ Ke5 37. Ke2 Kxe4 38. Kd2 Kf3
0-1

[Event "Green Bay Packers Super Bowl XLV Champ Tourney"]
[Site "SchemingMind.com"]
[Date "2011.03.10"]
[Round "-"]
[White "BigDaddy"]
[Black "cnile"]
[Result "0-1"]
[WhiteCountry "AUT"]
[BlackCountry "SCO"]
[WhiteElo "1393"]
[WhiteRD "64"]
[BlackElo "1442"]
[BlackRD "58"]
[GameID "277884"]

1. e4 e5 2. Nf3 Nf6 3. Nxe5 d6 4. Nxf7 Kxf7 5. Bc4+ d5 6. exd5 Bd6 7. Nc3 Re8+ 8. Be2 Kg8 9. O-O Bf5 10. h3 Qd7
11. d3 Qf7 12. Bg5 Nbd7 13. Bxf6 Nxf6 14. a3 Qg6 15. f3 Bxh3 16. g4 Qh6 17. Re1 Bxg4 18. fxg4 Qh2+ 19. Kf1 Bg3 20. Qd2 Qf2#
0-1

[Event "Green Bay Packers Super Bowl XLV Champ Tourney"]
[Site "SchemingMind.com"]
[Date "2011.03.09"]
[Round "-"]
[White "BigDaddy"]
[Black "Timaeus"]
[Result "0-1"]
[WhiteCountry "AUT"]
[BlackCountry "JPN"]
[WhiteElo "1412"]
[WhiteRD "69"]
[BlackElo "1398"]
[BlackRD "68"]
[GameID "277885"]

1. e4 e5 2. Nf3 d6 3. Nc3 Nf6 4. Bc4 c6 5. d4 Be7 6. Ng5 O-O 7. dxe5 Ng4 8. h3 Nxe5 9. b3 Bxg5 10. Bxg5 Qxg5
11. Ne2 Qxg2 12. Rg1 Nf3#
0-1

[Event "Green Bay Packers Super Bowl XLV Champ Tourney"]
[Site "SchemingMind.com"]
[Date "2011.03.08"]
[Round "-"]
[White "BigDaddy"]
[Black "lennart"]
[Result "0-1"]
[WhiteCountry "AUT"]
[BlackCountry "SWE"]
[WhiteElo "1412"]
[WhiteRD "69"]
[BlackElo "1506"]
[BlackRD "51"]
[GameID "277886"]

1. e4 e5 2. Nf3 d6 3. g3 Nf6 4. Bg2 d5 5. Nxe5 Bd6 6. d4 dxe4 7. Bxe4 Nxe4 8. Qf3 Nf6 9. Nc4 O-O 10. Bg5 Bb4+
11. c3 Re8+ 12. Be3 Bg4 13. Qxb7 Nbd7 14. Qxb4 Rb8 15. Qa5 Bf3 16. O-O Ne4 17. Qxa7 Be2 18. Re1 Bxc4 19. Bf4 Nb6 20. Bxc7 Qf6
21. f4 Nxg3 22. hxg3 Rxe1+ 23. Kf2 Rbe8 24. Be5 Re2+ 25. Kf3 R2xe5 26. dxe5 Qc6+ 27. Ke3 Rd8 28. Nd2 Rd3+ 29. Kf2 Rxd2+ 30. Ke3 Re2+
31. Kd4 Qd5#
0-1

[Event "Green Bay Packers Super Bowl XLV Champ Tourney"]
[Site "SchemingMind.com"]
[Date "2011.03.08"]
[Round "-"]
[White "BigDaddy"]
[Black "PeterLiberty"]
[Result "0-1"]
[WhiteCountry "AUT"]
[BlackCountry "USA"]
[WhiteElo "1393"]
[WhiteRD "64"]
[BlackElo "1488"]
[BlackRD "65"]
[GameID "277887"]

1. e4 c5 2. Nf3 d6 3. d4 cxd4 4. Nxd4 Nf6 5. Nc3 g6 6. Bb5+ Bd7 7. Bxd7+ Nbxd7 8. Bg5 Bg7 9. Bxf6 Nxf6 10. O-O O-O
11. Qe2 Rc8 12. Nf3 e6 13. e5 Nd7 14. Rad1 Nxe5 15. Nxe5 Bxe5 16. Qb5 Bxc3 17. bxc3 b6 18. Qa6 Rc7 19. Qa3 d5 20. h3 Qd7
21. g3 Rfc8 22. Rd3 Qb5 23. Rfd1 Rd8 24. Rb1 Qxb1+ 25. Kg2 Qxc2 26. Kh2 Qxd3
0-1

[Event "Green Bay Packers Super Bowl XLV Champ Tourney"]
[Site "SchemingMind.com"]
[Date "2011.03.11"]
[Round "-"]
[White "BigDaddy"]
[Black "Olli Ylönen"]
[Result "0-1"]
[WhiteCountry "AUT"]
[BlackCountry "FIN"]
[WhiteElo "1346"]
[WhiteRD "66"]
[BlackElo "1669"]
[BlackRD "50"]
[GameID "277888"]

1. e4 e5 2. Nf3 Nf6 3. Nxe5 d6 4. Nf3 Nxe4 5. d3 Nf6 6. Bg5 Be7 7. Bxf6 Bxf6 8. d4 O-O 9. Bc4 Re8+ 10. Be2 Nc6
11. O-O Bg4 12. h3 Qe7 13. hxg4 Qxe2 14. Qxe2 Rxe2 15. Nc3 Rxc2 16. Rfc1 Rxc1+ 17. Rxc1 Bxd4 18. Nxd4 Nxd4 19. b3 Re8 20. Nd5 Ne2+
21. Kf1 Nxc1 22. Nxc7 Re2 23. Nd5 Rxa2 24. Nb4 Rb2 25. Nd5 Nxb3 26. Ne7+ Kf8 27. Nd5 a5 28. Nb6 Nd2+ 29. Kg1 Rxb6
0-1

[Event "Green Bay Packers Super Bowl XLV Champ Tourney"]
[Site "SchemingMind.com"]
[Date "2011.03.09"]
[Round "-"]
[White "BigDaddy"]
[Black "badpawn"]
[Result "0-1"]
[WhiteCountry "AUT"]
[BlackCountry "SWE"]
[WhiteElo "1393"]
[WhiteRD "64"]
[BlackElo "1705"]
[BlackRD "66"]
[GameID "277889"]

1. e4 e5 2. Nf3 Nc6 3. Bb5 a6 4. Bxc6 dxc6 5. Nxe5 Qd6 6. d4 Nf6 7. Bg5 Be7 8. Qd2 Nxe4 9. Qf4 Nxg5 10. Nd3 Qxf4
11. Nxf4 O-O 12. O-O Bd6 13. g3 Bd7 14. Nc3 Bxf4 15. gxf4 Nh3+ 16. Kh1 Nxf4 17. Ne4 Rfe8 18. f3 b6 19. Rad1 Bh3 20. Nf2 Bxf1
21. Rxf1 Re2 22. Ng4 Rae8 23. Nf2 Re1 24. Rg1 Rxg1+ 25. Kxg1 Re1#
0-1

[Event "Green Bay Packers Super Bowl XLV Champ Tourney"]
[Site "SchemingMind.com"]
[Date "2011.03.09"]
[Round "-"]
[White "BigDaddy"]
[Black "pclaxton"]
[Result "1-0"]
[WhiteCountry "AUT"]
[BlackCountry "ENG"]
[WhiteElo "1412"]
[WhiteRD "69"]
[BlackElo "1351"]
[BlackRD "57"]
[GameID "277890"]

1. e4 e5 2. Nf3 Nc6 3. Bb5 d6 4. Bxc6+ bxc6 5. Nc3 c5 6. d3 Bg4 7. h3 Bxf3 8. Qxf3 f6 9. O-O Ne7 10. Nd5 Nxd5
11. exd5 Rb8 12. b3 Rb6 13. c4 Qd7 14. Bd2 Qe7 15. Rfe1 Qd7 16. Ba5 Ra6 17. b4 Qa4 18. Bxc7 Qxb4 19. Rab1 Qc3 20. Rb8+ Kd7
21. Qf5+ Kxc7 22. Qc8#
1-0

[Event "Green Bay Packers Super Bowl XLV Champ Tourney"]
[Site "SchemingMind.com"]
[Date "2011.03.08"]
[Round "-"]
[White "jtrochez1"]
[Black "BigDaddy"]
[Result "1-0"]
[WhiteCountry "HON"]
[BlackCountry "AUT"]
[WhiteElo "1616"]
[WhiteRD "52"]
[BlackElo "1346"]
[BlackRD "66"]
[GameID "277891"]

1. e4 c5 2. Nf3 e6 3. d4 cxd4 4. Qxd4 Nc6 5. Qd1 Qc7 6. c3 Nf6 7. Bd3 Bc5 8. h3 d5 9. Nbd2 O-O 10. O-O dxe4
11. Nxe4 Nxe4 12. Bxe4 f5 13. Bxc6 Qxc6 14. b4 Bd6 15. Bb2 b5 16. Nd4 Qd5 17. Nf3 Qxd1 18. Rfxd1 Be7 19. Ne5 Bb7 20. Rd7 Rab8
21. Bc1 Rbd8 22. Be3 Rxd7 23. Nxd7 Rd8 24. Nc5 Bxc5 25. Bxc5 Rc8 26. Rd1 Bd5 27. a3 a6 28. f4 h6 29. Kf2 Bb3 30. Rd7 Bc4
31. g4 Re8 32. Bd6 Kh7 33. Be5 Rg8 34. Ra7 Rd8 35. Rxg7+ Kh8 36. Rd7+ Kg8 37. Rxd8+
1-0

[Event "Green Bay Packers Super Bowl XLV Champ Tourney"]
[Site "SchemingMind.com"]
[Date "2011.03.11"]
[Round "-"]
[White "cnile"]
[Black "BigDaddy"]
[Result "1-0"]
[WhiteCountry "SCO"]
[BlackCountry "AUT"]
[WhiteElo "1442"]
[WhiteRD "58"]
[BlackElo "1393"]
[BlackRD "64"]
[GameID "277892"]

1. e4 e5 2. Nf3 Nc6 3. Bb5 a6 4. Ba4 b5 5. Bb3 Bc5 6. O-O Nf6 7. Nc3 O-O 8. Nxe5 Nxe5 9. d4 Bb4 10. dxe5 Bxc3
11. bxc3 Nxe4 12. Qd5 c6 13. Qxe4 d5 14. Qd4 f6 15. exf6 gxf6 16. a4 Bb7 17. Bh6 Rf7 18. Qg4+ Kh8 19. Rfe1 Qg8 20. Qh5 Qg6
21. Qxg6 Rff8 22. Qg7#
1-0

[Event "Green Bay Packers Super Bowl XLV Champ Tourney"]
[Site "SchemingMind.com"]
[Date "2011.03.11"]
[Round "-"]
[White "Timaeus"]
[Black "BigDaddy"]
[Result "1-0"]
[WhiteCountry "JPN"]
[BlackCountry "AUT"]
[WhiteElo "1433"]
[WhiteRD "64"]
[BlackElo "1346"]
[BlackRD "66"]
[GameID "277893"]

1. e4 e5 2. Nf3 Nc6 3. d4 Nf6 4. dxe5 Nxe4 5. Be3 Bc5 6. Qd2 Bxe3 7. Qxe3 d5 8. Bb5 a6 9. Bxc6+ bxc6 10. O-O O-O
11. Nc3 Nxc3 12. Qxc3 Bg4 13. g3 Bxf3 14. Qxf3 Qe7 15. Rfe1 Rae8 16. a3 h6 17. c3 g5 18. g4 Qe6 19. h3 c5 20. b4 c4
21. Re2 c6 22. a4 f6 23. exf6 Qxf6 24. Qxf6 Rxe2 25. Qg6+ Kh8 26. Qxh6+ Kg8 27. Qg6+ Kh8 28. Qxg5 Rfxf2 29. Qh4+ Kg8 30. Qxf2 Rxf2
31. Kxf2 Kg7 32. h4 Kf6 33. h5 Kg5 34. Rh1 Kxg4 35. h6 Kg5 36. h7
1-0

[Event "Green Bay Packers Super Bowl XLV Champ Tourney"]
[Site "SchemingMind.com"]
[Date "2011.03.08"]
[Round "-"]
[White "lennart"]
[Black "BigDaddy"]
[Result "0-1"]
[WhiteCountry "SWE"]
[BlackCountry "AUT"]
[WhiteElo "1506"]
[WhiteRD "51"]
[BlackElo "1412"]
[BlackRD "69"]
[GameID "277894"]

1. d4 Nf6 2. e3 d5 3. Nf3 Nc6 4. Bd3 e6 5. O-O g6 6. b3 Bg7 7. Ba3 Bd7 8. Ne5 Nxe5 9. dxe5 Ne4 10. f3 Ng5
11. c4 Bxe5 12. Nc3 Bxc3 13. Rc1 Qf6 14. e4 Bb2 15. Bxb2 Qxb2 16. exd5 Qxa2 17. dxe6 Bxe6 18. Re1 O-O 19. Ra1 Qb2 20. Re2 Qd4+
21. Kh1 Rfe8 22. Qd2 Qxa1+ 23. Re1 Qa6 24. Qf4 Red8 25. Be4 h6 26. h4 Nxe4 27. Qxe4 Bf5 28. Qf4 h5 29. Qxc7 Qc6 30. Qf4 Re8
0-1

[Event "Green Bay Packers Super Bowl XLV Champ Tourney"]
[Site "SchemingMind.com"]
[Date "2011.03.08"]
[Round "-"]
[White "PeterLiberty"]
[Black "BigDaddy"]
[Result "1-0"]
[WhiteCountry "USA"]
[BlackCountry "AUT"]
[WhiteElo "1505"]
[WhiteRD "64"]
[BlackElo "1412"]
[BlackRD "69"]
[GameID "277895"]

1. e4 c5 2. Nf3 e6 3. d4 cxd4 4. Nxd4 e5 5. Nf3 Nf6 6. Nc3 Bb4 7. Bd2 Bxc3 8. Bxc3 Nc6 9. Bd3 O-O 10. O-O d5
11. Nxe5 Nxe5 12. Bxe5 Bg4 13. Qd2 dxe4 14. Bxf6 Qxf6 15. Bxe4 Qxb2 16. Rfb1 Qe5 17. Qd5 Qxd5 18. Bxd5 Rad8 19. Bxb7 Rd1+ 20. Rxd1 Bxd1
21. Rxd1 Rb8 22. c4 Rxb7 23. Rd8#
1-0

[Event "Green Bay Packers Super Bowl XLV Champ Tourney"]
[Site "SchemingMind.com"]
[Date "2011.03.11"]
[Round "-"]
[White "Olli Ylönen"]
[Black "BigDaddy"]
[Result "1/2-1/2"]
[WhiteCountry "FIN"]
[BlackCountry "AUT"]
[WhiteElo "1607"]
[WhiteRD "51"]
[BlackElo "1412"]
[BlackRD "69"]
[GameID "277896"]

1. e4 e5 2. Nf3 Nc6 3. Bb5 a6 4. Bxc6 bxc6 5. O-O d6 6. d4 Bg4 7. dxe5 dxe5 8. Qxd8+ Rxd8 9. Nxe5 Nf6 10. Nxg4 Nxg4
11. f3 Bc5+ 12. Kh1 Nf2+ 13. Kg1 Nxe4+ 14. Kh1 Nf2+ 15. Kg1 Ne4+ 16. Kh1 Nf2+ 17. Kg1=
1/2-1/2

[Event "Green Bay Packers Super Bowl XLV Champ Tourney"]
[Site "SchemingMind.com"]
[Date "2011.03.11"]
[Round "-"]
[White "badpawn"]
[Black "BigDaddy"]
[Result "1-0"]
[WhiteCountry "SWE"]
[BlackCountry "AUT"]
[WhiteElo "1705"]
[WhiteRD "66"]
[BlackElo "1393"]
[BlackRD "64"]
[GameID "277897"]

1. c4 c5 2. g3 Nf6 3. Bg2 e6 4. Nc3 Bd6 5. e4 O-O 6. Nge2 Nc6 7. d3 e5 8. O-O h6 9. f4 exf4 10. Nxf4 Bxf4
11. Bxf4 g5 12. Be3 d6 13. Nd5 Be6 14. Nxf6+ Kg7 15. Qh5 Rh8 16. Bh3 Bxh3 17. Qxh3 Ne5 18. d4 Qc8 19. Qxc8 Raxc8 20. dxe5 dxe5
21. Nd7 f6 22. Bxc5 b6 23. Be7 Rxc4 24. Bxf6+ Kg6 25. Bxh8 Rxe4 26. Rad1 Kh5 27. Nf6+
1-0

[Event "Green Bay Packers Super Bowl XLV Champ Tourney"]
[Site "SchemingMind.com"]
[Date "2011.03.11"]
[Round "-"]
[White "pclaxton"]
[Black "BigDaddy"]
[Result "1-0"]
[WhiteCountry "ENG"]
[BlackCountry "AUT"]
[WhiteElo "1311"]
[WhiteRD "56"]
[BlackElo "1346"]
[BlackRD "66"]
[GameID "277898"]

1. e4 e5 2. Nf3 Nc6 3. Bb5 a6 4. Bxc6 bxc6 5. d3 d6 6. O-O Bg4 7. Nc3 Nf6 8. Bg5 h6 9. Bxf6 Qxf6 10. b4 d5
11. h3 Bxf3 12. Qxf3 Qxf3 13. gxf3 Bxb4 14. Ne2 d4 15. f4 Bc3 16. Nxc3 dxc3 17. Rab1 O-O 18. f5 f6 19. Rb7 Rab8 20. Rxc7 Rb6
21. f4 exf4 22. Rxf4 Rb1+ 23. Kf2 Rc1 24. Rxc6 Rxc2+ 25. Ke3 Rb8 26. Rf1 Rbb2 27. Kd4 Rxa2 28. Rb1 Ra4+ 29. Rc4 Ra3 30. Rb8+ Kh7
31. Ra8 a5 32. e5 fxe5+ 33. Kxe5 Re2+ 34. Kf4 Rf2+ 35. Ke4 c2 36. Rcc8 Ra4+ 37. Ke3 c1=Q+ 38. Kxf2 Qf4+ 39. Ke2 Ra2+ 40. Ke1 Qh2
41. Rh8#
1-0

[Event "Green Bay Packers Super Bowl XLV Champ Tourney"]
[Site "SchemingMind.com"]
[Date "2011.03.09"]
[Round "-"]
[White "Mitch The Man"]
[Black "jtrochez1"]
[Result "0-1"]
[WhiteCountry "USA"]
[BlackCountry "HON"]
[WhiteElo "1425"]
[WhiteRD "62"]
[BlackElo "1616"]
[BlackRD "50"]
[GameID "277957"]

1. e4 e5 2. Nf3 Nc6 3. Bc4 h6 4. O-O d6 5. a3 Nf6 6. c3 Qe7 7. Bd3 a6 8. Bc2 Be6 9. b3 Nh7 10. h3 g5
11. Nh2 Bg7 12. d3 O-O-O 13. Nd2 Nf6 14. f3 Nh5 15. Qe1 Nf4 16. Kh1 h5 17. Nb1 f5 18. Bxf4 gxf4 19. b4 Na7 20. Nd2 Bf6
21. Qd1 Nb5 22. Nb1 Bh4 23. Qe2 Bg3 24. a4 Na7 25. Nd2 Qg7 26. Rg1 Qf6 27. Nhf1 h4 28. Nxg3 hxg3 29. Rgb1 fxe4 30. Nxe4 Qh6
31. Ng5 Qxg5 32. c4 Bxh3 33. Kg1 Nb5 34. Kf1 Nc3 35. Qd2 Nxb1 36. Rxb1 Bxg2+ 37. Qxg2 Rh2 38. Qg1 g2+ 39. Ke2 Rh1 40. Qf2 Rxb1
0-1

[Event "Green Bay Packers Super Bowl XLV Champ Tourney"]
[Site "SchemingMind.com"]
[Date "2011.03.11"]
[Round "-"]
[White "Mitch The Man"]
[Black "cnile"]
[Result "0-1"]
[WhiteCountry "USA"]
[BlackCountry "SCO"]
[WhiteElo "1429"]
[WhiteRD "59"]
[BlackElo "1450"]
[BlackRD "57"]
[GameID "277958"]

1. e4 c5 2. c4 Nc6 3. Nf3 Qc7 4. a3 g6 5. h3 Bg7 6. Be2 d6 7. O-O e6 8. Ra2 Nge7 9. d3 a6 10. Bd2 O-O
11. Bc3 e5 12. Nbd2 Bd7 13. b3 Rac8 14. Re1 b5 15. cxb5 axb5 16. Qa1 f5 17. Nh2 fxe4 18. Nxe4 Nf5 19. Ng4 Nfd4 20. Bxd4 exd4
21. Qc1 Ne5 22. Nh6+ Kh8 23. Ng4 Be6 24. Rb2 Nxg4 25. Bxg4 Bxg4 26. hxg4 Rfe8 27. Rc2 Be5 28. g3 Qd7 29. f3 Bg7 30. Ree2 Rf8
31. Kg2 Qf7 32. Ng5 Qd5 33. Re7 h6 34. Ne4 Rce8 35. Rxe8 Rxe8 36. Nxc5 dxc5 37. Rxc5 Qxb3 38. Qd2 Qxa3 39. Rxb5 Qa4 40. Rb4 Qc6
41. Rc4 Qe6 42. Rc2 Rf8 43. Rc1 Qd5 44. Rf1 Qe5 45. Re1 Qd5 46. Re4 Rc8 47. Qe2 Rc3 48. Re8+ Kh7 49. Rb8 Qc6 50. Kh3 Rc2
51. Qf1 Qc3 52. Rb1 Rd2 53. Qe1 Rxd3 54. Qe8 Rxf3 55. Rg1 Qe3
0-1

[Event "Green Bay Packers Super Bowl XLV Champ Tourney"]
[Site "SchemingMind.com"]
[Date "2011.03.09"]
[Round "-"]
[White "Mitch The Man"]
[Black "Timaeus"]
[Result "1-0"]
[WhiteCountry "USA"]
[BlackCountry "JPN"]
[WhiteElo "1380"]
[WhiteRD "62"]
[BlackElo "1398"]
[BlackRD "68"]
[GameID "277959"]

1. e4 e5 2. Nf3 d6 3. h3 f5 4. Qe2 Nf6 5. d3 b6 6. Nc3 Ba6 7. exf5 Qd7 8. Bd2 Qxf5 9. O-O-O Nc6 10. Nh4 Qe6
11. Kb1 O-O-O 12. f4 d5 13. f5 Qe7 14. a3 e4 15. Qe3 d4 16. Qe1 dxc3 17. Bxc3 g5 18. dxe4 gxh4 19. Rxd8+ Qxd8 20. Bxa6+ Kb8
21. Qxh4 Be7 22. Qf4 Rg8 23. g4 Bd6 24. Qf3 Ne5 25. Bxe5 Bxe5 26. Rd1 Qe8 27. Qd3 Bd6 28. Re1 h6 29. Bb5 Qe5 30. Qc4 Bc5
31. Bd7 Rd8 32. Bc6 Rd6 33. Bb5 Rd4 34. Qe6 Bd6 35. Bc6 Qg3 36. Re2 Rd1+ 37. Ka2 Qh4 38. e5 Re1 39. Rxe1 Qxe1 40. Qxf6 Qxe5
41. Qd8#
1-0

[Event "Green Bay Packers Super Bowl XLV Champ Tourney"]
[Site "SchemingMind.com"]
[Date "2011.03.11"]
[Round "-"]
[White "Mitch The Man"]
[Black "BigDaddy"]
[Result "1-0"]
[WhiteCountry "USA"]
[BlackCountry "AUT"]
[WhiteElo "1425"]
[WhiteRD "62"]
[BlackElo "1393"]
[BlackRD "64"]
[GameID "277960"]

1. e4 e5 2. Nf3 Nc6 3. Bc4 Bc5 4. O-O Nf6 5. Ng5 d5 6. Bxd5 Nxd5 7. Nxf7 Kxf7 8. exd5 Qxd5 9. Nc3 Qe6 10. Ne4 Qd5
11. Nxc5 Qxc5 12. Qf3+ Ke7 13. Qe4 Qd4 14. Qe2 Qd6 15. c3 Qg6 16. d3 Bh3 17. f3 Bxg2 18. Qxg2 Qxg2+ 19. Kxg2 Rhf8 20. Bg5+ Ke8
21. Rae1 h6 22. Bc1 g5 23. d4 Kd7 24. dxe5 Rfe8 25. Rd1+ Ke7 26. Rfe1 Rad8 27. Rxd8 Rxd8 28. Kg3 Rd5 29. f4 Kf7 30. fxg5 hxg5
31. e6+ Ke7 32. Kg4 Re5 33. Rxe5 Nxe5+ 34. Kf5 Nf3 35. Kg4 Ne5+ 36. Kxg5 Kxe6 37. Bf4 Nf3+ 38. Kg4 Ne5+ 39. Bxe5 Kxe5 40. Kg5 c5
41. h4 c4 42. h5 Ke4 43. h6
1-0

[Event "Green Bay Packers Super Bowl XLV Champ Tourney"]
[Site "SchemingMind.com"]
[Date "2011.03.09"]
[Round "-"]
[White "Mitch The Man"]
[Black "lennart"]
[Result "0-1"]
[WhiteCountry "USA"]
[BlackCountry "SWE"]
[WhiteElo "1334"]
[WhiteRD "62"]
[BlackElo "1528"]
[BlackRD "55"]
[GameID "277961"]

1. e4 e5 2. Nf3 Nf6 3. d3 Bb4+ 4. c3 Ba5 5. Be2 O-O 6. O-O d6 7. b4 Bb6 8. a4 c5 9. Ba3 Nc6 10. h3 a6
11. Nbd2 Be6 12. Ng5 Bd7 13. bxc5 dxc5 14. Qb3 h6 15. Nc4 Bc7 16. Bxc5 Re8 17. Nf3 Be6 18. Qxb7 Ne7 19. Bxe7 Rxe7 20. Qb2 Rb8
21. Qc2 Nh5 22. Rab1 Nf4 23. Rxb8 Bxb8 24. Rd1 f6 25. Bf1 Rd7 26. Kh2 Bxc4 27. g3 Bxd3 28. Bxd3 Nxd3 29. Qb3+ Kh7 30. Qe6 Nc5
31. Rxd7 Nxd7 32. Qxa6 Nc5 33. Qb5 Nxe4 34. Qb1 f5 35. Kg2 Ba7 36. Nxe5 Bxf2 37. g4 Qh4 38. Qd3 Be1 39. Qf3 Ng3 40. gxf5 Qxa4
41. Nd3 Qc2+ 42. Nf2 Bxf2 43. Qxf2 Qxf2+ 44. Kxf2 Ne4+ 45. Kf3 Nxc3 46. h4 Nd5 47. h5 Nf6
0-1

[Event "Green Bay Packers Super Bowl XLV Champ Tourney"]
[Site "SchemingMind.com"]
[Date "2011.03.09"]
[Round "-"]
[White "Mitch The Man"]
[Black "PeterLiberty"]
[Result "0-1"]
[WhiteCountry "USA"]
[BlackCountry "USA"]
[WhiteElo "1334"]
[WhiteRD "62"]
[BlackElo "1512"]
[BlackRD "61"]
[GameID "277962"]

1. e4 c5 2. c4 d6 3. d3 Nc6 4. Ne2 Nf6 5. h3 g6 6. Bd2 Bg7 7. g3 O-O 8. Bg2 a6 9. O-O Be6 10. Nf4 Ne5
11. Nxe6 fxe6 12. Bc3 Nc6 13. Kh1 e5 14. a3 b5 15. cxb5 axb5 16. Qb3+ Kh8 17. Qxb5 Qc7 18. Qb3 Rfb8 19. Qc2 Ra7 20. Nd2 Rab7
21. Ra2 e6 22. Nc4 d5 23. exd5 exd5 24. Rb1 Rb5 25. a4 Rb3 26. Nd2 Ne7 27. Nxb3 d4 28. Ba5 Qd6 29. Nxc5 Ned5 30. Bxd5 Qxd5+
31. Ne4 Qxa2 32. Nd6 Qd5+ 33. f3 Qxa5 34. Nf7+ Kg8 35. Qc4 Nd5 36. Nd6 Kf8 37. Nb5 Qd8 38. Qc5+ Ne7 39. Na7 Qd5 40. Qxd5 Nxd5
41. Nc6 Rc8 42. Na7 Ra8
0-1

[Event "Green Bay Packers Super Bowl XLV Champ Tourney"]
[Site "SchemingMind.com"]
[Date "2011.03.11"]
[Round "-"]
[White "Mitch The Man"]
[Black "Olli Ylönen"]
[Result "0-1"]
[WhiteCountry "USA"]
[BlackCountry "FIN"]
[WhiteElo "1334"]
[WhiteRD "62"]
[BlackElo "1640"]
[BlackRD "55"]
[GameID "277963"]

1. e4 e5 2. Nf3 Nf6 3. d3 Nc6 4. Be2 d5 5. h3 dxe4 6. dxe4 Qxd1+ 7. Bxd1 Nxe4 8. O-O Bc5 9. Be3 Bxe3 10. fxe3 O-O
11. Kh2 g6 12. Nbd2 Nxd2 13. Nxd2 f5 14. c3 Na5 15. b4 Nc6 16. Bb3+ Kg7 17. a4 a6 18. Bd5 Ne7 19. Bf3 e4 20. Be2 Nd5
21. Rfc1 Nxe3 22. c4 Be6 23. Rc3 Rfd8 24. Rxe3 Rxd2 25. Kg3 Rad8 26. Kh2 Rb2 27. b5 axb5 28. axb5 Rdd2 29. Bf1 Kf6 30. h4 Ke5
31. Re2 Rxe2 32. Bxe2 Rxe2 33. Ra5 b6 34. Ra4 Rc2
0-1

[Event "Green Bay Packers Super Bowl XLV Champ Tourney"]
[Site "SchemingMind.com"]
[Date "2011.03.09"]
[Round "-"]
[White "Mitch The Man"]
[Black "badpawn"]
[Result "0-1"]
[WhiteCountry "USA"]
[BlackCountry "SWE"]
[WhiteElo "1425"]
[WhiteRD "62"]
[BlackElo "1705"]
[BlackRD "66"]
[GameID "277964"]

1. e4 e5 2. Nf3 Nc6 3. Bc4 Nf6 4. d3 Be7 5. Ng5 O-O 6. Nxf7 Rxf7 7. Bxf7+ Kxf7 8. O-O Kg8 9. c3 d6 10. h3 Qe8
11. b4 a6 12. a4 Be6 13. Be3 Qd7 14. Nd2 Rf8 15. Kh2 b6 16. Rg1 d5 17. b5 axb5 18. axb5 Na5 19. Rb1 d4 20. cxd4 exd4
21. Bf4 c5 22. Qc1 Nh5 23. Bg3 Nxg3 24. fxg3 Bg5 25. Qe1 Be3 26. Rf1 Rxf1 27. Nxf1 Bg5 28. h4 Bd8 29. Nd2 Qc7 30. e5 c4
31. dxc4 Nxc4 32. Rc1 Qxe5 33. Qxe5 Nxe5 34. Ra1 Kf7 35. Ra7+ Kg6 36. Ra8 Be7 37. Rb8 Nd7 38. Rb7 d3 39. Kg1 Bc5+ 40. Kh2 Nf6
41. Rb8 Nh5 42. Re8 Bd7
0-1

[Event "Green Bay Packers Super Bowl XLV Champ Tourney"]
[Site "SchemingMind.com"]
[Date "2011.03.09"]
[Round "-"]
[White "Mitch The Man"]
[Black "pclaxton"]
[Result "0-1"]
[WhiteCountry "USA"]
[BlackCountry "ENG"]
[WhiteElo "1380"]
[WhiteRD "62"]
[BlackElo "1351"]
[BlackRD "57"]
[GameID "277965"]

1. e4 e5 2. Nf3 d6 3. h3 Nf6 4. d3 c5 5. Be2 Be7 6. O-O O-O 7. b3 Qa5 8. Bd2 Qb6 9. Bc3 Nc6 10. Na3 Be6
11. Qd2 Bd8 12. Rfb1 d5 13. Ng5 Re8 14. Nxe6 Rxe6 15. exd5 Rd6 16. Nc4 Qc7 17. a3 Rxd5 18. Ne3 Rd7 19. f3 Nh5 20. Qe1 Bg5
21. Ng4 f6 22. Bd2 Nd4 23. Bd1 Bxd2 24. Qxd2 Ng3 25. Qf2 Nh5 26. c3 Nb5 27. Qc2 Nf4 28. a4 Nd6 29. Ne3 Qb6 30. Kh2 Nf7
31. Nc4 Qe6 32. Ne3 Ng5 33. Ng4 h5 34. d4 cxd4 35. cxd4 Rxd4 36. Qc7 Rad8 37. Qxb7 Rd2 38. Qc7 Rxg2+ 39. Kh1 Rgd2 40. Rb2 Rxd1+
41. Rxd1 Rxd1+ 42. Kh2 Ngxh3 43. Qb8+ Kh7 44. Ne3 Re1 45. Ng2 Re2 46. Rxe2 Nxe2 47. Qb5 Nhf4 48. Nxf4 Nxf4
0-1